[Event "C.to Regionale Emilia-Romagna"]
[Site "Formigine ITA"]
[Date "2007.04.29"]
[Round "3"]
[White "Gaspari, Mauro"]
[Black "Vezzelli, Francesco"]
[Result "1-0"]
[WhiteElo "1894"]
[BlackElo "1561"]
[PlyCount "113"]
[EventDate "2007.04.28"]

1. c4 e5 2. Nc3 f5 3. g3 d6 4. Bg2 Nf6 5. d4 Nbd7 6. e3 Be7 7. Nge2 O-O 8. O-O
c6 9. Qb3 Kh8 10. Qc2 Nh5 11. b3 Qe8 12. Bb2 Qg6 13. d5 c5 14. a3 Nb6 15. Kh1
a6 16. Ng1 Qh6 17. Nce2 f4 18. exf4 exf4 19. Nxf4 Nxf4 20. gxf4 Qxf4 21. Qe4
Qxe4 22. Bxe4 Bf5 23. Rae1 Rae8 24. Bxf5 Rxf5 25. Re2 Rf7 26. Rfe1 Nc8 27. Kg2
Ref8 28. Nh3 h6 29. Re6 Kh7 30. f4 a5 31. R1e2 b6 32. Bc3 Kg8 33. b4 axb4 34.
axb4 Kh7 35. b5 Kg8 36. Bd2 Bf6 37. Ng1 Re7 38. Kg3 Rfe8 39. f5 Rxe6 40. fxe6
Be5+ 41. Kg4 Bf6 42. Nh3 Ne7 43. Rf2 Kh7 44. Nf4 Bd4 45. Rf3 Rf8 46. Nd3 h5+
47. Kg3 Rxf3+ 48. Kxf3 Ng6 49. Bf4 Nxf4 50. Nxf4 Bf6 51. Nxh5 Bd8 52. Nf4 g5
53. Nh5 Kg6 54. Kg4 Kh6 55. Ng3 Kg6 56. Nf5 Kf6 57. Nxd6 1-0

[Event "C.to Regionale Emilia-Romagna"]
[Site "Formigine ITA"]
[Date "2007.04.29"]
[Round "3"]
[White "Grandi, Davide"]
[Black "Martinello, Christian"]
[Result "0-1"]
[WhiteElo "1673"]
[BlackElo "2051"]
[PlyCount "84"]
[EventDate "2007.04.28"]

1. c4 Nf6 2. Nc3 g6 3. d4 d5 4. e3 Bg7 5. Nf3 O-O 6. Bd3 dxc4 7. Bxc4 b6 8. Qb3
Nc6 9. Ne5 Nxe5 10. dxe5 Ng4 11. e6 f5 12. Bd5 Rb8 13. O-O Qd6 14. g3 c6 15.
Bf3 Ne5 16. Be2 Bxe6 17. Qc2 Bd5 18. Nxd5 cxd5 19. Bd2 Rbc8 20. Qb3 Nc4 21. Bb4
Qe5 22. Bc3 Qe4 23. Bxg7 Kxg7 24. Rfd1 Rc5 25. Rd4 Qe6 26. Bf3 Qc6 27. Rad1 e6
28. Rc1 Ne5 29. Rxc5 bxc5 30. Rf4 Nxf3+ 31. Rxf3 d4 32. exd4 cxd4 33. Qa3 Rf7
34. b4 Rd7 35. Rd3 e5 36. Qb2 Rc7 37. Rd2 Qc1+ 38. Qxc1 Rxc1+ 39. Kg2 Kf6 40.
f4 Rc4 41. b5 e4 42. Rb2 d3 0-1

[Event "C.to Regionale Emilia-Romagna"]
[Site "Formigine ITA"]
[Date "2007.04.29"]
[Round "3"]
[White "Lucchi, Lorenzo"]
[Black "Marconcini, Fabio"]
[Result "1-0"]
[WhiteElo "1940"]
[BlackElo "1944"]
[PlyCount "55"]
[EventDate "2007.04.28"]

1. e4 e5 2. Bc4 Nf6 3. Nc3 Bc5 4. Nf3 Nc6 5. O-O O-O 6. d3 d6 7. Bg5 Be6 8. Nd5
Bxd5 9. Bxd5 h6 10. Bh4 a5 11. c3 Qe7 12. a3 Rab8 13. b4 axb4 14. axb4 Bb6 15.
Bxc6 bxc6 16. Qa4 g5 17. Bg3 g4 18. Nh4 Qd7 19. Nf5 Kh7 20. Bh4 Ne8 21. Ne7 f6
22. Nxc6 Rb7 23. Na5 Qxa4 24. Rxa4 Ra7 25. Rfa1 Ng7 26. Nc4 Raa8 27. Nxb6 Rxa4
28. Nxa4 1-0

[Event "C.to Regionale Emilia-Romagna"]
[Site "Formigine ITA"]
[Date "2007.04.29"]
[Round "3"]
[White "Lucchi, Sauro"]
[Black "Di Trapani, Davide"]
[Result "0-1"]
[WhiteElo "1356"]
[BlackElo "1565"]
[PlyCount "52"]
[EventDate "2007.04.28"]

1. e4 e5 2. Nf3 Nc6 3. Bc4 Bc5 4. O-O d6 5. c3 Nf6 6. d3 Be6 7. Bxe6 fxe6 8.
b4 Bb6 9. a4 a5 10. b5 Ne7 11. Ng5 Qd7 12. Qb3 d5 13. exd5 exd5 14. c4 Bd4 15.
Nc3 Qf5 16. Nf3 Qxd3 17. Nxd4 exd4 18. Rd1 Qxc3 19. Qxc3 dxc3 20. c5 O-O-O 21.
Ba3 d4 22. c6 Nf5 23. cxb7+ Kxb7 24. Re1 d3 25. Ra2 c2 26. g4 d2 0-1

[Event "C.to Regionale Emilia-Romagna"]
[Site "Formigine ITA"]
[Date "2007.04.29"]
[Round "3"]
[White "Marani, Luca"]
[Black "Pelliconi, Vanes"]
[Result "0-1"]
[WhiteElo "1536"]
[BlackElo "2019"]
[PlyCount "80"]
[EventDate "2007.04.28"]

1. e4 d6 2. d4 Nf6 3. Bd3 g6 4. Nf3 Bg7 5. O-O O-O 6. Bg5 h6 7. Bf4 Nh5 8. Be3
c5 9. c3 cxd4 10. cxd4 Nc6 11. Qd2 Kh7 12. d5 Nb8 13. Nc3 Nf6 14. Rac1 Ng4 15.
Bf4 Nd7 16. h3 Nge5 17. Nxe5 Nxe5 18. Bb1 Bd7 19. Qe2 Rc8 20. Be3 Qa5 21. f4
Nc4 22. Bf2 Nxb2 23. Qxb2 Bxc3 24. Qxb7 Rc7 25. Qb3 Rfc8 26. f5 Be5 27. fxg6+
fxg6 28. Rxc7 Qxc7 29. Bg3 Bd4+ 30. Kh2 Kg7 31. Qf3 Bf6 32. h4 Qc3 33. Qf4 g5
34. Qf2 Bb5 35. Re1 Rf8 36. Qxa7 gxh4 37. Bxd6 Rf7 38. Re3 Be5+ 39. Bxe5+ Qxe5+
40. Kg1 Rf1# 0-1

[Event "C.to Regionale Emilia-Romagna"]
[Site "Formigine ITA"]
[Date "2007.04.29"]
[Round "3"]
[White "Muccini, Marco"]
[Black "Fiorentini, Paolo"]
[Result "0-1"]
[WhiteElo "1899"]
[BlackElo "1982"]
[PlyCount "88"]
[EventDate "2007.04.28"]

1. d4 d5 2. Nf3 Nf6 3. c4 e6 4. Bg5 h6 5. Bh4 Bb4+ 6. Nc3 dxc4 7. e3 b5 8. a4
c6 9. Be2 Bb7 10. O-O a6 11. Ne5 Nbd7 12. f4 Qc7 13. Qc2 Nd5 14. Nxd5 cxd5 15.
Nxf7 Kxf7 16. Bh5+ Kg8 17. f5 e5 18. f6 e4 19. fxg7 Rh7 20. Bf7+ Kxg7 21. Qf2
Qd6 22. Be8 Kh8 23. Bh5 Rf8 24. Qe2 Nf6 25. Bg3 Qe7 26. Be5 Bd6 27. Rf5 Bc8 28.
Bxf6+ Rxf6 29. Rxd5 Bb7 30. Rxd6 Qxd6 31. axb5 axb5 32. Ra5 Qb6 33. Ra1 Rf5 34.
Bg4 Rf6 35. Bh3 Qc7 36. Qh5 Bc6 37. Qc5 Qd6 38. Qh5 Qd5 39. Qg4 Rg7 40. Qc8+
Rg8 41. Qc7 Qg5 42. Re1 Qh4 43. Re2 Qxh3 44. Qe5 Qf3 0-1

[Event "C.to Regionale Emilia-Romagna"]
[Site "Formigine ITA"]
[Date "2007.04.29"]
[Round "3"]
[White "Occari, Maurizio"]
[Black "Bolognesi, Alberto"]
[Result "1-0"]
[WhiteElo "1994"]
[BlackElo "1789"]
[PlyCount "73"]
[EventDate "2007.04.28"]

1. e4 e5 2. Nf3 Nf6 3. Nc3 Bb4 4. d3 d5 5. a3 Bxc3+ 6. bxc3 dxe4 7. Nxe5 O-O 8.
Be2 exd3 9. cxd3 Qd5 10. Nf3 c5 11. O-O Nc6 12. Be3 h6 13. Rb1 b6 14. d4 cxd4
15. cxd4 Qd6 16. Qd3 Be6 17. Rfd1 Bd5 18. Nd2 Qe6 19. Bf3 Rfe8 20. Re1 Qd7 21.
Rbc1 Rac8 22. Rc3 Na5 23. Rec1 Rxc3 24. Qxc3 Bxf3 25. Nxf3 Nd5 26. Qd3 Rc8 27.
Ne5 Nxe3 28. Rxc8+ Qxc8 29. fxe3 f6 30. Ng6 Kf7 31. Nf4 Qc1+ 32. Kf2 Nc4 33.
Ne2 Qxa3 34. Qxc4+ Kg6 35. Qc2+ Kf7 36. Nf4 Qe7 37. Qc4+ 1-0

[Event "C.to Regionale Emilia-Romagna"]
[Site "Formigine ITA"]
[Date "2007.04.29"]
[Round "3"]
[White "Pazzini, Elia"]
[Black "Chierici, James"]
[Result "1-0"]
[WhiteElo "1731"]
[BlackElo "1577"]
[PlyCount "65"]
[EventDate "2007.04.28"]

1. e4 c5 2. Nc3 Nf6 3. e5 Ng8 4. Nf3 Nc6 5. Bb5 e6 6. O-O Nge7 7. Re1 a6 8. Bf1
Ng6 9. g3 b5 10. Bg2 Be7 11. d3 Bb7 12. h4 Qc7 13. Qe2 Rb8 14. h5 Nf8 15. Nb1
d6 16. Bf4 Nd7 17. exd6 Bxd6 18. Bxd6 Qxd6 19. Nc3 Nd4 20. Qd1 Nf6 21. Ne4
Nxf3+ 22. Qxf3 Nxe4 23. dxe4 h6 24. Qe2 O-O 25. e5 Qe7 26. Bxb7 Qxb7 27. Rad1
Rfd8 28. b3 Rd7 29. Rxd7 Qxd7 30. Rd1 Qe7 31. Qd2 b4 32. Qd6 Kf8 33. Qxb8+ 1-0

[Event "C.to Regionale Emilia-Romagna"]
[Site "Formigine ITA"]
[Date "2007.04.29"]
[Round "3"]
[White "Piccinini, Samuele"]
[Black "Campidelli, Silvio"]
[Result "1-0"]
[WhiteElo "1749"]
[BlackElo "1554"]
[PlyCount "81"]
[EventDate "2007.04.28"]

1. d4 d5 2. c4 e6 3. Nc3 Be7 4. Nf3 Nf6 5. Bg5 Nbd7 6. e3 O-O 7. Qc2 Re8 8. Bd3
dxc4 9. Bxc4 a6 10. O-O b5 11. Be2 Bb7 12. Rfd1 Rc8 13. Ne5 Nxe5 14. dxe5 Nd5
15. Bf4 Bg5 16. Bg3 Qe7 17. h3 c5 18. Ne4 Nb4 19. Qb1 Bxe4 20. Qxe4 Red8 21.
Rd6 Qc7 22. a3 Nc6 23. Bf3 Nb8 24. Rad1 Be7 25. Qg4 Bxd6 26. exd6 Qa7 27. Be5
f5 28. Qg5 h6 29. Qg3 Nc6 30. Bf4 g5 31. h4 g4 32. e4 Kh7 33. exf5 gxf3 34.
Qg6+ Kh8 35. fxe6 Qg7 36. Qxh6+ Qxh6 37. Bxh6 Rg8 38. Bg5 Kg7 39. d7 Ra8 40. e7
Kf7 41. d8=Q 1-0

[Event "C.to Regionale Emilia-Romagna"]
[Site "Formigine ITA"]
[Date "2007.04.29"]
[Round "3"]
[White "Quattrini, Massimo"]
[Black "Bianchi, Andrea"]
[Result "0-1"]
[WhiteElo "1718"]
[BlackElo "2131"]
[PlyCount "42"]
[EventDate "2007.04.28"]

1. e4 d6 2. d4 Nf6 3. Nc3 e5 4. dxe5 dxe5 5. Qxd8+ Kxd8 6. Bg5 Be6 7. O-O-O+
Kc8 8. Nf3 Nbd7 9. Bxf6 gxf6 10. Nd2 c6 11. a3 b5 12. g3 c5 13. f4 b4 14. Ncb1
Nb6 15. f5 Ba2 16. axb4 cxb4 17. b3 Bc5 18. Nc4 Nxc4 19. Bxc4 Bxb1 20. Kxb1 Bd4
21. Kc1 Bc3 0-1

[Event "C.to Regionale Emilia-Romagna"]
[Site "Formigine ITA"]
[Date "2007.04.29"]
[Round "3"]
[White "Ravazzini, Luca"]
[Black "Ferretti, Alessandro"]
[Result "1/2-1/2"]
[WhiteElo "1644"]
[BlackElo "1748"]
[PlyCount "62"]
[EventDate "2007.04.28"]

1. e4 c5 2. Nf3 Nc6 3. d4 cxd4 4. Nxd4 Nf6 5. Nc3 e5 6. Ndb5 d6 7. Bg5 a6 8.
Bxf6 gxf6 9. Na3 f5 10. Qh5 b5 11. Nd5 fxe4 12. O-O-O Be6 13. Kb1 Bxd5 14. Rxd5
Ne7 15. Rd2 Ng6 16. g3 d5 17. Bg2 Bxa3 18. bxa3 b4 19. Bxe4 bxa3 20. Bxd5 Rb8+
21. Kc1 Qf6 22. Qf3 Qxf3 23. Bxf3 O-O 24. Rd3 Rb5 25. Rxa3 a5 26. Rd1 Ne7 27.
Rd7 Nf5 28. Rd5 Rfb8 29. Rxb5 Rxb5 30. Rc3 Nd4 31. Kd2 Rb6 1/2-1/2

[Event "C.to Regionale Emilia-Romagna"]
[Site "Formigine ITA"]
[Date "2007.04.29"]
[Round "3"]
[White "Salvioli, Alessandro"]
[Black "Cuccolini, Milo"]
[Result "1/2-1/2"]
[WhiteElo "1524"]
[BlackElo "1784"]
[PlyCount "124"]
[EventDate "2007.04.28"]

1. e4 e5 2. Nf3 Nc6 3. Bc4 Bc5 4. Nc3 Nf6 5. d3 h6 6. O-O d6 7. h3 a6 8. a4 O-O
9. Be3 Nd4 10. Bxd4 Bxd4 11. Nxd4 exd4 12. Ne2 c5 13. c3 dxc3 14. Nxc3 Be6 15.
Qb3 Qd7 16. Bxe6 fxe6 17. f4 Kh8 18. Rf3 d5 19. e5 Ng8 20. Raf1 Ne7 21. g4 Nc6
22. Qd1 Nd4 23. R3f2 Rf7 24. Ne2 Nxe2+ 25. Qxe2 Qxa4 26. f5 exf5 27. e6 Rf6 28.
Rxf5 Qd4+ 29. Kh1 Re8 30. e7 Kg8 31. Rxf6 gxf6 32. Qe6+ Kg7 33. Rf5 Qxb2 34.
Rxd5 Qb5 35. Rd6 Qb1+ 36. Kg2 Qb2+ 37. Kf3 Qe5 38. Qxe5 fxe5 39. Re6 Kf7 40.
Rxe5 Rxe7 41. Rxc5 b5 42. Rc6 Re6 43. Rc3 b4 44. Rc4 Rb6 45. h4 b3 46. Rc1 a5
47. Ke2 a4 48. Kd2 a3 49. Rf1+ Kg6 50. Kc3 b2 51. Rb1 Rc6+ 52. Kb3 Rc1 53. Ka2
Rc3 54. d4 Kf6 55. Rf1+ Ke6 56. Kb1 a2+ 57. Kxb2 Rd3 58. Rg1 Rd2+ 59. Ka1 Rxd4
60. Kxa2 Kf6 61. Kb3 Kg6 62. Kc3 Rf4 1/2-1/2

[Event "C.to Regionale Emilia-Romagna"]
[Site "Formigine ITA"]
[Date "2007.04.29"]
[Round "3"]
[White "Vicari, Luigi"]
[Black "Salami, Marco"]
[Result "1/2-1/2"]
[WhiteElo "2019"]
[BlackElo "2218"]
[PlyCount "39"]
[EventDate "2007.04.28"]

1. d4 f5 2. Bg5 h6 3. Bh4 g5 4. Bg3 d6 5. e3 Nf6 6. Bd3 Nc6 7. h4 g4 8. c3 Bg7
9. Qc2 e6 10. Nd2 Nh5 11. Ne2 Nxg3 12. Nxg3 d5 13. Nh5 Bf8 14. f3 gxf3 15. Nxf3
Bd6 16. O-O-O Qe7 17. Rdg1 Bd7 18. g4 O-O-O 19. g5 hxg5 20. hxg5 1/2-1/2

[Event "C.to Regionale Emilia-Romagna"]
[Site "Formigine ITA"]
[Date "2007.04.29"]
[Round "3"]
[White "Vincenzi, Marco"]
[Black "Chierici, Marianna"]
[Result "1-0"]
[WhiteElo "2067"]
[BlackElo "1996"]
[PlyCount "101"]
[EventDate "2007.04.28"]

1. e4 d6 2. d4 Nf6 3. Nc3 e5 4. Nf3 Nbd7 5. Bc4 Be7 6. O-O O-O 7. a4 c6 8. Ba2
Qc7 9. Bg5 b6 10. Ne2 Re8 11. Ng3 h6 12. Bd2 Bf8 13. Re1 exd4 14. Nxd4 Nc5 15.
Qf3 Bg4 16. Qf4 Ne6 17. Nxe6 Bxe6 18. Nf5 Qd8 19. Bc3 Nh5 20. Qg4 Bxa2 21. Rxa2
Qg5 22. Qxg5 hxg5 23. Raa1 g6 24. Nd4 Bg7 25. g3 Rac8 26. Rad1 Red8 27. Rd3 Kf8
28. Red1 Ke7 29. h3 Bf6 30. Nf3 Bxc3 31. Rxc3 f6 32. Nd4 Kd7 33. b4 Re8 34. Re3
a6 35. b5 cxb5 36. axb5 axb5 37. Nxb5 Re6 38. Ra3 Kd8 39. Ra7 Rc5 40. Nxd6 Rxd6
41. Rxd6+ Kc8 42. Re6 Kb8 43. Rf7 Rxc2 44. Rxb6+ Ka8 45. Re6 Rb2 46. Kg2 Rb3
47. Re8+ Rb8 48. Ree7 Rb3 49. Rf8+ Rb8 50. Rxb8+ Kxb8 51. e5 1-0

[Event "C.to Regionale Emilia-Romagna"]
[Site "Formigine ITA"]
[Date "2007.04.29"]
[Round "4"]
[White "Bianchi, Andrea"]
[Black "Vincenzi, Marco"]
[Result "1/2-1/2"]
[WhiteElo "2131"]
[BlackElo "2067"]
[PlyCount "75"]
[EventDate "2007.04.28"]

1. e4 e6 2. Qe2 c5 3. g3 d6 4. Bg2 Nc6 5. f4 Nge7 6. Nf3 g6 7. O-O Bg7 8. c3
O-O 9. Na3 Rb8 10. Kh1 Qa5 11. d3 b5 12. Bd2 Ba6 13. e5 dxe5 14. Nxe5 Nxe5 15.
fxe5 Qc7 16. Rae1 Bb7 17. Bg5 Bxg2+ 18. Kxg2 a6 19. Rf3 Nd5 20. Nc2 c4 21. Nd4
cxd3 22. Rxd3 b4 23. cxb4 Rxb4 24. Nf3 Rc4 25. a3 a5 26. Rdd1 Rc2 27. Rd2 Rc5
28. Rdd1 h6 29. Be3 Nxe3+ 30. Qxe3 Rb8 31. Rd2 Rc2 32. Rxc2 Qxc2+ 33. Re2 Qb1
34. Qc3 a4 35. Nd4 Qa2 36. Nc6 Qd5+ 37. Kh3 Qd1 38. Rf2 1/2-1/2

[Event "C.to Regionale Emilia-Romagna"]
[Site "Formigine ITA"]
[Date "2007.04.29"]
[Round "4"]
[White "Bocci, Alessandro"]
[Black "Vicari, Luigi"]
[Result "1-0"]
[WhiteElo "1909"]
[BlackElo "2019"]
[PlyCount "81"]
[EventDate "2007.04.28"]

1. d4 Nf6 2. c4 g6 3. Nc3 Bg7 4. e4 d6 5. Nf3 O-O 6. Be2 e5 7. d5 a5 8. Bg5 Na6
9. a3 Qe8 10. Nd2 Bd7 11. b3 Kh8 12. O-O Ng8 13. f3 f5 14. Rb1 f4 15. b4 axb4
16. axb4 Bf6 17. Bxf6+ Rxf6 18. c5 g5 19. Bxa6 bxa6 20. c6 Bc8 21. b5 Rh6 22.
Rf2 Qh5 23. h3 g4 24. fxg4 Bxg4 25. Qxg4 Qxg4 26. hxg4 Rg6 27. b6 cxb6 28. Rxb6
Nf6 29. Nc4 Nxg4 30. Rfb2 Rag8 31. Rb8 f3 32. Rxg8+ Rxg8 33. Nxd6 f2+ 34. Rxf2
Nxf2 35. Kxf2 Rf8+ 36. Ke3 Rg8 37. c7 Rg3+ 38. Kd2 Rxg2+ 39. Ne2 Rg8 40. c8=Q
Rxc8 41. Nxc8 1-0

[Event "C.to Regionale Emilia-Romagna"]
[Site "Formigine ITA"]
[Date "2007.04.29"]
[Round "4"]
[White "Bolognesi, Alberto"]
[Black "Salvioli, Alessandro"]
[Result "1-0"]
[WhiteElo "1789"]
[BlackElo "1524"]
[PlyCount "89"]
[EventDate "2007.04.28"]

1. e4 c5 2. Nf3 Nc6 3. c3 Nf6 4. e5 Nd5 5. Bb5 a6 6. Bxc6 dxc6 7. O-O Bg4 8. d3
e6 9. Na3 b5 10. Nc2 Be7 11. d4 O-O 12. Ne3 Bh5 13. h3 f5 14. Re1 c4 15. Nf1 f4
16. N1h2 c5 17. Qc2 Bg6 18. Qd1 Bh5 19. Qc2 Qb6 20. Bd2 Rac8 21. Rac1 a5 22. b3
cxb3 23. Qxb3 c4 24. Qb2 Qa6 25. a3 Rb8 26. Ra1 Qc6 27. Rec1 Rb7 28. Qa2 Rfb8
29. g4 Bg6 30. Ne1 b4 31. axb4 axb4 32. Ng2 b3 33. Qb2 Nb6 34. Ra6 f3 35. Ne3
Na4 36. Rxc6 Nxb2 37. Rxe6 Nd3 38. Rb1 Nxe5 39. Nf5 Bxf5 40. gxf5 b2 41. Rxe5
Ra7 42. Ree1 Rba8 43. Rxb2 Ra1 44. Rbb1 R1a2 45. Nxf3 1-0

[Event "C.to Regionale Emilia-Romagna"]
[Site "Formigine ITA"]
[Date "2007.04.29"]
[Round "4"]
[White "Campidelli, Silvio"]
[Black "Ravazzini, Luca"]
[Result "1-0"]
[WhiteElo "1554"]
[BlackElo "1644"]
[PlyCount "31"]
[EventDate "2007.04.28"]

1. e4 e6 2. d4 d5 3. Nc3 dxe4 4. Nxe4 Nd7 5. Nf3 Ngf6 6. Ng3 Bd6 7. Bc4 O-O 8.
O-O b6 9. Re1 c5 10. Ne5 Bxe5 11. dxe5 Ne8 12. Ne4 Qe7 13. Bg5 f6 14. exf6 gxf6
15. Bxe6+ Kg7 16. Bd5 1-0

[Event "C.to Regionale Emilia-Romagna"]
[Site "Formigine ITA"]
[Date "2007.04.29"]
[Round "4"]
[White "Chiarion, Elisa"]
[Black "Garofalo, Sergio"]
[Result "1/2-1/2"]
[WhiteElo "1769"]
[BlackElo "1812"]
[PlyCount "61"]
[EventDate "2007.04.28"]

1. e4 d5 2. exd5 Nf6 3. Bb5+ Nbd7 4. Nc3 a6 5. Ba4 b5 6. Bb3 Nc5 7. d4 Nxb3 8.
axb3 Nxd5 9. Nxb5 Bb7 10. Na3 e5 11. Ne2 Qh4 12. O-O Rd8 13. Nc4 exd4 14. Qxd4
Qxd4 15. Nxd4 Nb4 16. Re1+ Be7 17. c3 c5 18. cxb4 cxd4 19. Bf4 Kf8 20. Bd2 f6
21. Re6 Kf7 22. Rae1 Rhe8 23. Rb6 Bc8 24. b5 axb5 25. Rxb5 Ba6 26. Ra5 Bxc4 27.
bxc4 Rb8 28. Rb1 Bb4 29. Bxb4 Rxb4 30. g3 Rxc4 31. Rd1 1/2-1/2

[Event "C.to Regionale Emilia-Romagna"]
[Site "Formigine ITA"]
[Date "2007.04.29"]
[Round "4"]
[White "Chierici, James"]
[Black "Fiorentini, Davide"]
[Result "1-0"]
[WhiteElo "1577"]
[BlackElo "1494"]
[PlyCount "71"]
[EventDate "2007.04.28"]

1. e4 e5 2. Nf3 Nc6 3. d4 exd4 4. Nxd4 Nxd4 5. Qxd4 Nf6 6. Nc3 d6 7. Be2 Be7 8.
O-O Bd7 9. Be3 O-O 10. Rad1 Bc6 11. Bf3 Qd7 12. b3 h6 13. a4 Rfd8 14. Ne2 a5
15. Ng3 Qe6 16. Bc1 d5 17. e5 Ne4 18. Bxe4 dxe4 19. Qa1 Rxd1 20. Rxd1 Rd8 21.
Bb2 Rxd1+ 22. Qxd1 Qd5 23. Qxd5 Bxd5 24. Kf1 g6 25. Ke2 e3 26. f3 Bh4 27. Nf1
Bf2 28. Bd4 Kf8 29. Bxe3 Bxe3 30. Nxe3 Be6 31. f4 c6 32. Kd3 b5 33. Kd4 Ke7 34.
Kc5 Kd7 35. axb5 h5 36. g3 1-0

[Event "C.to Regionale Emilia-Romagna"]
[Site "Formigine ITA"]
[Date "2007.04.29"]
[Round "4"]
[White "Chierici, Marianna"]
[Black "Quattrini, Massimo"]
[Result "1-0"]
[WhiteElo "1996"]
[BlackElo "1718"]
[PlyCount "77"]
[EventDate "2007.04.28"]

1. e4 c5 2. c3 Nf6 3. e5 Nd5 4. d4 cxd4 5. Nf3 Nc6 6. cxd4 g6 7. Nc3 Nxc3 8.
bxc3 Bg7 9. Ng5 O-O 10. Bc4 d5 11. Bd3 h6 12. Nf3 Bg4 13. h3 Bxf3 14. Qxf3 e6
15. h4 Qa5 16. Bd2 Rac8 17. h5 g5 18. Qg4 Ne7 19. f4 gxf4 20. O-O Qb6 21. Rxf4
Qb2 22. Rd1 Kh8 23. Qf3 Rxc3 24. Bxc3 Qxc3 25. Rxf7 Qxd4+ 26. Kf1 Rxf7 27. Qxf7
Ng8 28. Qg6 Qf4+ 29. Kg1 Qd4+ 30. Kf1 Qf4+ 31. Kg1 Qd4+ 32. Kh2 Bxe5+ 33. g3
Nf6 34. Qxh6+ Kg8 35. Bh7+ Nxh7 36. Rxd4 Bxd4 37. Qxe6+ Kg7 38. h6+ Kf8 39.
Qxd5 1-0

[Event "C.to Regionale Emilia-Romagna"]
[Site "Formigine ITA"]
[Date "2007.04.29"]
[Round "4"]
[White "Cuccolini, Milo"]
[Black "Cricca, Andrea"]
[Result "1/2-1/2"]
[WhiteElo "1784"]
[BlackElo "1698"]
[PlyCount "63"]
[EventDate "2007.04.28"]

1. Nf3 b6 2. g3 Bb7 3. Bg2 e6 4. O-O Nf6 5. c4 d5 6. cxd5 exd5 7. d4 Bd6 8. Nc3
a6 9. Re1 O-O 10. Bg5 h6 11. Bxf6 Qxf6 12. Qb3 Qe6 13. Nd2 Nc6 14. Qxd5 Qc8 15.
e4 Na5 16. Qh5 Bb4 17. Rac1 Qd8 18. d5 c6 19. a3 Bxc3 20. Rxc3 cxd5 21. exd5
Rc8 22. Rec1 Rxc3 23. Rxc3 Ba8 24. b4 Nb7 25. Nb3 Nd6 26. Nd4 Re8 27. Rc1 Qf6
28. Qd1 Qe5 29. Nc6 Qb2 30. Rb1 Qxa3 31. Qg4 Qd3 32. Rd1 1/2-1/2

[Event "C.to Regionale Emilia-Romagna"]
[Site "Formigine ITA"]
[Date "2007.04.29"]
[Round "4"]
[White "De Biaggi, Paolo"]
[Black "Bertocchi, Fulvio"]
[Result "1-0"]
[WhiteElo "1989"]
[BlackElo "1688"]
[PlyCount "103"]
[EventDate "2007.04.28"]

1. e4 c5 2. Nf3 Nc6 3. d4 cxd4 4. Nxd4 g6 5. Nxc6 bxc6 6. Qd4 f6 7. Bc4 Bg7 8.
O-O Nh6 9. Bxh6 Bxh6 10. a4 e6 11. Qd6 Qe7 12. Qxe7+ Kxe7 13. Re1 Rd8 14. Ra3
d5 15. exd5 cxd5 16. Rh3 dxc4 17. Rxh6 Rh8 18. Nc3 Bb7 19. Nb5 Bd5 20. Rh4 h5
21. Rd4 Kf7 22. Red1 Rad8 23. Nc7 a5 24. Nxd5 exd5 25. Rxd5 Rxd5 26. Rxd5 Rb8
27. b3 cxb3 28. cxb3 Rxb3 29. g3 Ra3 30. Rxa5 Ke6 31. h4 f5 32. Kg2 Kf6 33.
Ra6+ Kg7 34. a5 Kf7 35. Ra7+ Ke6 36. Ra8 Kf6 37. Kf1 Kf7 38. Ke2 Kf6 39. Kd2
Ke6 40. Re8+ Kf7 41. Re5 Kf6 42. Rb5 Kf7 43. Rc5 Kf6 44. Kc2 Rf3 45. a6 Rxf2+
46. Kb3 Re2 47. a7 Re8 48. Rc6+ Kf7 49. Kb4 Ra8 50. Ra6 Ke7 51. Kb5 Kd7 52.
Rxg6 1-0

[Event "C.to Regionale Emilia-Romagna"]
[Site "Formigine ITA"]
[Date "2007.04.29"]
[Round "4"]
[White "Di Trapani, Davide"]
[Black "Arnetta, Marianna"]
[Result "0-1"]
[WhiteElo "1565"]
[BlackElo "2039"]
[PlyCount "50"]
[EventDate "2007.04.28"]

1. e4 e6 2. d4 d5 3. Nc3 Nf6 4. Bg5 dxe4 5. Nxe4 Nbd7 6. Bd3 Be7 7. Nf3 c5 8.
dxc5 Nxe4 9. Bxe7 Qxe7 10. Bxe4 Nxc5 11. Qd4 O-O 12. O-O-O e5 13. Nxe5 Nxe4 14.
Rhe1 Bf5 15. g4 Qg5+ 16. Kb1 Rad8 17. Qb4 Rxd1+ 18. Rxd1 Bxg4 19. Re1 Qxe5 20.
Qxe4 Qxe4 21. Rxe4 Be6 22. Ra4 Rd8 23. c4 a6 24. Rb4 Rd7 25. c5 g6 0-1

[Event "C.to Regionale Emilia-Romagna"]
[Site "Formigine ITA"]
[Date "2007.04.29"]
[Round "4"]
[White "Ferretti, Alessandro"]
[Black "Bertelli, Andrea"]
[Result "1-0"]
[WhiteElo "1748"]
[BlackElo "1440"]
[PlyCount "27"]
[EventDate "2007.04.28"]

1. e4 c5 2. Nf3 d6 3. d4 cxd4 4. Nxd4 Nf6 5. Nc3 a6 6. Bg5 e6 7. f4 Be7 8. Qf3
h6 9. Bh4 Nc6 10. O-O-O e5 11. Nxc6 Bg4 12. Nxd8 Bxf3 13. gxf3 exf4 14. Nxb7
1-0

[Event "C.to Regionale Emilia-Romagna"]
[Site "Formigine ITA"]
[Date "2007.04.29"]
[Round "4"]
[White "Fiorentini, Paolo"]
[Black "Solinas, Roberto"]
[Result "1-0"]
[WhiteElo "1982"]
[BlackElo "1673"]
[PlyCount "109"]
[EventDate "2007.04.28"]

1. d4 d5 2. c4 e6 3. Nc3 c6 4. Nf3 Nf6 5. Qb3 Qb6 6. c5 Qxb3 7. axb3 a6 8. Bf4
Nbd7 9. e3 Nh5 10. Bc7 Be7 11. Bd3 Bd8 12. Bxd8 Kxd8 13. b4 Nhf6 14. b5 e5 15.
Nxe5 Nxe5 16. dxe5 Ng4 17. bxc6 bxc6 18. Na4 Nxe5 19. Be2 Nd7 20. O-O Rb8 21.
Ra2 Rb4 22. Rfa1 Re8 23. Bd3 g6 24. h3 f5 25. Rc1 f4 26. exf4 Rxf4 27. Nb6 Rb4
28. Nxc8 Kxc8 29. Rxa6 Nb8 30. Ra2 Re7 31. Kf1 Reb7 32. Rc2 Rd4 33. Be2 h5 34.
Ba6 Nxa6 35. Rxa6 Kc7 36. Ra8 Rd1+ 37. Ke2 Rb1 38. Ra2 Kd7 39. Kf3 g5 40. Re2
Rb3+ 41. Re3 R3xb2 42. Ra7+ Rb7 43. Rxb7+ Rxb7 44. Re5 g4+ 45. hxg4 hxg4+ 46.
Kxg4 Rb5 47. f4 Rxc5 48. f5 Rc4+ 49. Kg5 Re4 50. Rxe4 dxe4 51. Kf4 e3 52. Kxe3
Ke7 53. Kd4 Kd6 54. g4 c5+ 55. Kc4 1-0

[Event "C.to Regionale Emilia-Romagna"]
[Site "Formigine ITA"]
[Date "2007.04.29"]
[Round "4"]
[White "Gigli, Claudio"]
[Black "Lucchi, Sauro"]
[Result "1-0"]
[WhiteElo "1686"]
[BlackElo "1356"]
[PlyCount "45"]
[EventDate "2007.04.28"]

1. d4 Nf6 2. c4 g6 3. Nc3 Bg7 4. e4 d6 5. Nf3 Bg4 6. Be2 O-O 7. h3 Bxf3 8. Bxf3
c5 9. dxc5 dxc5 10. Qxd8 Rxd8 11. e5 Nfd7 12. Bxb7 Nb6 13. Bxa8 Nxa8 14. f4 Nb6
15. b3 g5 16. O-O gxf4 17. Bxf4 Nc6 18. Rad1 Nd4 19. Kh1 Nd7 20. Rfe1 Nc6 21.
Rd2 Bxe5 22. Bxe5 Ncxe5 23. Rxe5 1-0

[Event "C.to Regionale Emilia-Romagna"]
[Site "Formigine ITA"]
[Date "2007.04.29"]
[Round "4"]
[White "Giovannardi, Mirko"]
[Black "Lucchi, Lorenzo"]
[Result "0-1"]
[WhiteElo "1578"]
[BlackElo "1940"]
[PlyCount "72"]
[EventDate "2007.04.28"]

1. d4 d6 2. c4 e5 3. dxe5 dxe5 4. Qxd8+ Kxd8 5. e4 Be6 6. Nf3 Nc6 7. Be2 Nf6 8.
Ng5 Bb4+ 9. Bd2 Ke7 10. a3 Bxd2+ 11. Nxd2 Nd4 12. Bd1 Bg4 13. f3 Bd7 14. O-O
Nh5 15. f4 Nxf4 16. g3 Nh3+ 17. Nxh3 Bxh3 18. Rf2 Be6 19. b4 f6 20. Rc1 h5 21.
Nf1 h4 22. g4 Bf7 23. Ne3 Bg6 24. Nf5+ Bxf5 25. exf5 Rag8 26. Rg2 Rh6 27. Rc3
g5 28. h3 Rd8 29. Rd3 Nf3+ 30. Rxf3 Rxd1+ 31. Kf2 Rh8 32. Rg1 Rd2+ 33. Ke1 Rhd8
34. Rgf1 Ra2 35. R1f2 Ra1+ 36. Ke2 Rdd1 0-1